Journaux des siéges faits ou soutenus par les français dans la Péninsule de 1807 à 1814 (Record no. 151810)

MARC details
000 -LEADER
campo de control de longitud fija 00944nam a22002173i 4500
001 - NÚMERO DE CONTROL
campo de control 151810
003 - IDENTIFICADOR DE NÚMERO DE CONTROL
campo de control ES-MaACL
005 - FECHA Y HORA DE LA ÚLTIMA TRANSACCIÓN
campo de control 20240229062725.0
008 - DATOS DE LONGITUD FIJA--INFORMACIÓN GENERAL
campo de control de longitud fija 030714m1860 fr af |||| | fre d
040 ## - FUENTE DE CATALOGACIÓN
Centro catalogador/agencia de origen CCPB | B
Lengua de catalogación spa
Centro/agencia transcriptor CCPB | B
100 1# - ENTRADA PRINCIPAL--NOMBRE DE PERSONA
Nombre de persona Belmas, Jacques-Vital.
9 (RLIN) 125904
245 10 - MENCIÓN DEL TÍTULO
Título Journaux des siéges faits ou soutenus par les français dans la Péninsule de 1807 à 1814
Resto del título : rédigés d'après les ordres du gouvernement, sur les documents existant aux archives de la guerre et au dêpot de fortifications /
Mención de responsabilidad, etc. par J. Belmas.
260 ## - PUBLICACIÓN, DISTRIBUCIÓN, ETC.
Lugar de publicación, distribución, etc. Paris :
Nombre del editor, distribuidor, etc. Imprimerie Impériale,
Fecha de publicación, distribución, etc. 1860.
300 ## - DESCRIPCIÓN FÍSICA
Extensión 1 v. ;
Dimensiones 73 cm.
500 ## - NOTA GENERAL
Nota general El texto en: G-7823-26.
597 ## - NOTA DE DESCRIPCIÓN FÍSICA
NOTA DE DESCRIPCIÓN FÍSICA Atlas ([19] h. de grab.)
599 ## - NOTA A LAS ILUSTRACIONES
NOTA A LAS ILUSTRACIONES Algunas h. de grab. son a doble plana.
651 #4 - PUNTO DE ACCESO ADICIONAL DE MATERIA--NOMBRE GEOGRÁFICO
Nombre geográfico España-
Subdivisión general Historia-
Subdivisión cronológica 1808-1814, Guerra de la Independencia
9 (RLIN) 8244
852 ## - LOCALIZACIÓN
Ubicación ES-MaACL
Número de control de estantería B-6977
Nota libre -- Enc. hol.
condición física -- Contiene únicamente Atlas
Holdings
Estatus retirado Estado de pérdida Estado de daño No para préstamo Colección Biblioteca de origen Biblioteca actual Ubicación en estantería Fecha de adquisición Fuente de adquisición Total de préstamos Signatura topográfica completa Código de barras Visto por última vez Precio de reemplazo Tipo de ítem Koha
        Libros del s. XIX Biblioteca del Ateneo de Madrid Biblioteca del Ateneo de Madrid Sala Pardo Bazán 17/01/2008     B-6977 1158442 23/02/2023 23/02/2023 Libro impreso antiguo